00644nam a22001937a 450000500170000001000150001702000270003202000240005903500130008303700130009608200150010910000230012424500980014726000450024527000590029030000250034950000500037470000260042420140926150245.0 aENG-110954 a9780198092278c1295.00 a019809227xc1295.00 aEN-94486 bDBAD/PUB a336.200954 aPurohit, Mahesh C. aThe oxford handbook of tax system in India :cby Mahesh C. Purohit [and] Vishnu Kanta Purohit aNew DelhibOxford University Pressc2014 aYMCA Library Building, 1 Jai Singh bNew Delhie110020 axvii,404p.c24cm(Hb) aIncludes bibliographical references and index aPurohit, Vishnu Kanta